| 000 | 00624nam a2200241Ia 4500 | ||
|---|---|---|---|
| 003 | OSt | ||
| 005 | 20221007064941.0 | ||
| 006 | a|||||r|||| 00| 0 | ||
| 007 | ta | ||
| 008 | 221006b |||||||| |||| 00| 0 eng d | ||
| 024 | _a15,976 | ||
| 037 | _cTextual | ||
| 040 |
_aFLL _cFLL _beng |
||
| 041 |
_2eng _aeng |
||
| 082 | _aX72, K4 | ||
| 100 |
_aSharma Ramesh C. Au. _9686468 |
||
| 245 | 0 | _aTax circulars and press notes | |
| 250 | _a2nd | ||
| 260 |
_aDelhi _bPractical Tax Pub. India _c1964 |
||
| 300 |
_a328p _ccm. |
||
| 942 |
_hX72, K4 _cTEXL _2CC |
||
| 999 |
_c1135855 _d1135855 |
||